| 000 | 00891nam a22001577a 4500 | ||
|---|---|---|---|
| 003 | OSt | ||
| 005 | 20160831163745.0 | ||
| 008 | 160831b xxu||||| |||| 00| 0 eng d | ||
| 040 | _cRUA | ||
| 082 | _aAGE YOU 2015 B515 Or. | ||
| 100 |
_99746 _aYOUNG SOVANNARY; យ៉ូង សុវណ្ណារី |
||
| 245 | _aEffects of blanching period and drying methods on piper nigrum quality in kampot pepper promotion association, kampongtrach district, kampot province; ឥទ្ធិពលនៃរយៈពេលស្រុស និងវិធីសាស្ត្រសម្ងួតទៅលើគុណភាពម្រេចខ្មៅនៅសមាគមលើកកម្ពស់ម្រេចកំពត នៅស្រុកកំពង់ត្រាច ខេត្តកំពត | ||
| 260 |
_aRUA _bPhnom Penh _c2015 |
||
| 300 |
_aix; 48p. _bill. _c29cm. |
||
| 942 |
_2ddc _cAGE |
||
| 999 |
_c9387 _d9387 |
||